000 00290nam a22001337a 4500
008 170131b xxu||||| |||| 00| 0 eng d
020 _a156706809X
041 _aeng
080 _25TH
_a61
100 _a3
101 _aSHM
245 _aHEALTH CARE LAW AND ETHICS
_cCURRAN
942 _2udc
_cBK
999 _c4112
_d4112